Judy moody goes to college / (Record no. 3743)

MARC details
000 -LEADER
fixed length control field 00818nam a22002537a 4500
001 - CONTROL NUMBER
control field 3743
003 - CONTROL NUMBER IDENTIFIER
control field FISKH
005 - DATE AND TIME OF LATEST TRANSACTION
control field 20260325124825.0
008 - FIXED-LENGTH DATA ELEMENTS--GENERAL INFORMATION
fixed length control field 240429b cb ||||| |||| 00| 0 eng d
020 ## - INTERNATIONAL STANDARD BOOK NUMBER
International Standard Book Number 9780763648558
040 ## - CATALOGING SOURCE
Original cataloging agency FISK
Language of cataloging eng
Transcribing agency FISK
Modifying agency FISK
050 ## - LIBRARY OF CONGRESS CALL NUMBER
Classification number PZ7.M478419
082 ## - DEWEY DECIMAL CLASSIFICATION NUMBER
Classification number 813.6
100 ## - MAIN ENTRY--PERSONAL NAME
Personal name McDonald Megan
Dates associated with a name 1959-
245 ## - TITLE STATEMENT
Title Judy moody goes to college /
Statement of responsibility, etc. Megan McDonald
260 ## - PUBLICATION, DISTRIBUTION, ETC.
Place of publication, distribution, etc. Berryville :
Name of publisher, distributor, etc. Paperback,
Date of publication, distribution, etc. 2010
300 ## - PHYSICAL DESCRIPTION
Extent 129 pages :
Other physical details illustrations,
Dimensions 19 cm
505 ## - FORMATTED CONTENTS NOTE
Formatted contents note N
520 ## - SUMMARY, ETC.
Summary, etc. When her substitute teacher realizes she is struggling in math, Judy is sent to a math tutor at the local college and soon is completely into the spirit of college life.
521 8# - TARGET AUDIENCE NOTE
Target audience note 590
Source Lexiles
700 ## - ADDED ENTRY--PERSONAL NAME
Personal name Megan McDonald
942 ## - ADDED ENTRY ELEMENTS (KOHA)
Source of classification or shelving scheme Library of Congress Classification
Koha item type Books
Suppress in OPAC No
Holdings
Withdrawn status Lost status Source of classification or shelving scheme Damaged status Not for loan Collection Home library Current library Shelving location Date acquired Total Checkouts Full call number Barcode Date last seen Date last checked out Copy number Price effective from Koha item type
    Library of Congress Classification     Juvenile Fiction Footprints International School Library Network Toul Kork Campus Footprints International School Library Network Toul Kork Campus TK Primary Library Room(4th Floor), Bookcase 3&4, Shelves 17-32, Yellow Books 08/28/2025 1 MCD PZ7.M478419 813.6 FISTK00128 12/09/2025 08/29/2025 2 08/28/2025 Books
    Library of Congress Classification     Juvenile Fiction Footprints International School Library Network Toul Tom Poung Campus Footprints International School Library Network Toul Tom Poung Campus TTP Primary Yellow Bookshelves 04/29/2024 1 MCD PZ7.M478419 813.6 2024-0542 03/25/2026 03/11/2026 1 04/29/2024 Books